000 00281nam a2200145Ia 4500
100 _aSanghi/Ashwin
650 _aFiction
942 _cBK
245 _aThe Krishna Key
260 _bWestland
_c2012
082 _a808.8
_bSAN
300 _a475
546 _aENGLISH
999 _c29417
_d29417